Zákony o spotrebných daniach v roku 1994

Guardado en:
Detalles Bibliográficos
Formato: Libro
Lenguaje:eslovaco
Publicado: Bratislava EPOS 1994
Edición:1. vyd.
Materias:
Etiquetas: Agregar Etiqueta
Sin Etiquetas, Sea el primero en etiquetar este registro!

MARC

LEADER 00000nam a2200000 4500
001 c005170
005 20221214075543.2
020 |a 80-85703-69-6 
041 0 |a slo 
044 |a SK 
245 1 0 |a Zákony o spotrebných daniach v roku 1994 
250 |a 1. vyd. 
264 1 |a Bratislava  |b EPOS  |c 1994 
300 |a 88 s. 
610 2 0 |a dane spotrebné 
610 2 0 |a Slovensko 
610 2 0 |a 1994